000 00772nam a22002297a 4500
003 OSt
005 20250825145743.0
008 250822b |||||||| |||| 00| 0 eng d
037 _cDissertation
040 _aFEDL
_beng
_cFEDL
041 _aeng
_heng
082 _a371.39 AGG/DI
100 _aAggarwal, Bhavya
_9818682
110 _aUniversity of Delhi. Department of Education
_9818316
245 _aRole of online learning in providing inclusive educational opportunities/
_cby Bhavya Aggarwal; Yukti Sharma. Supervisor
260 _bUniversity of Delhi
_c2025
300 _a86p.
650 _aEDUCATIONAL TECHNOLOGY
710 _aSharma, Yukti. Supervisor
_9818683
942 _2ddc
_cDIS
_h371.39 AGG/DI
_n0
999 _c1434849
_d1434849